000 00778nam a22002297a 4500
005 20240530110917.0
008 220509s2006 ua a b b 000 0 ara d
017 _bمصر. دار الكتب
_a2006/23728
020 _a9774370821
040 _aEG-CaGPL
_cEG-CaGPL
082 0 4 _221
_a341.758\
_bن ح
100 0 _aناصر جلال
245 1 0 _aحقوق الملكية الفكرية والاقتصاد الجديد /
_cناصر جلال
250 _aط.1
260 _aالقاهرة :
_bالمجلس الاعلى للثقافة،
_c2006
300 _a384 ص. ؛
_c24 سم
650 0 7 _2qrmak
_aالملكية الفكرية
650 0 7 _aحقوق الملكية
_2qrmak
651 _2qrmak
942 _2ddc
_cBK
999 _c66414
_d66414